Normal view
MARC view
Entry Personal Name
001 - CONTROL NUMBER
- control field: 159364
003 - CONTROL NUMBER IDENTIFIER
- control field: OSt
005 - DATE AND TIME OF LATEST TRANSACTION
- control field: 20220923211206.0
008 - FIXED-LENGTH DATA ELEMENTS
- fixed length control field: 220923|| aca||aabn | a|a d
040 ## - CATALOGING SOURCE
- Original cataloging agency: OSt
- Transcribing agency: OSt
100 ## - HEADING--PERSONAL NAME
- Personal name: मेहरा, दिलीप, ले
670 ## - SOURCE DATA FOUND
- Source citation: Work cat.: (OSt)296592: मेहरा, दिलीप, ले., मन्नू भण्डारी का कथा संसार, 2009
